| 000 | 00648nam a2200193Ia 4500 | ||
|---|---|---|---|
| 008 | 090124s9999 xx 000 0 und d | ||
| 082 |
_b25553 _a593 |
||
| 100 | _aअमृते उमा | ||
| 245 | _a राम आणि कृष्णाचे गौडबंगाल | ||
| 250 | _a1 | ||
| 260 | _c1987 | ||
| 300 | _a79 | ||
| 600 | _aअमृते उमा | ||
| 630 | _a राम आणि कृष्णाचे गौडबंगाल | ||
| 700 | _aकर्वे माधव | ||
| 700 | _aअमृते उमा | ||
| 730 | _a राम आणि कृष्णाचे गौडबंगाल | ||
| 942 | _cBOOK | ||
| 999 |
_c139059 _d139059 |
||